Movies Quiz

Random Movies or Blitz Quiz

Multi-Category Minefield Blitz: Movies Quiz Stats

 Plays Quiz Updated Jan 30, 2018

Also try: Movies Bunker
Challenge
Share
Tweet
Embed
Score 0/25 Timer 01:00
174 Plays Today
% Correct
???
56.9%
???
56%
???
55.6%
???
55.6%
???
55.1%
???
55%
???
54.7%
???
54.2%
???
53.9%
???
53.9%
???
53.9%
???
53.4%
???
52.7%
% Correct
???
52.4%
???
51.7%
???
51.4%
???
51%
???
50.6%
???
50.1%
???
49.4%
???
49.4%
???
48.1%
???
46.9%
???
45.3%
???
44.8%

You're not logged in!

Compare scores with friends on all Sporcle quizzes.
Join for Free
OR
Log In

You Might Also Like...

Show Comments

Extras

Top Quizzes Today


Score Distribution

Your Account Isn't Verified!

In order to create a playlist on Sporcle, you need to verify the email address you used during registration. Go to your Sporcle Settings to finish the process.

Report this User

Report this user for behavior that violates our Community Guidelines.

Details: